| 000 | 00441nam a2200157 4500 | ||
|---|---|---|---|
| 001 | 144911 | ||
| 003 | ES-MaACL | ||
| 005 | 20230906201127.0 | ||
| 007 | t| | ||
| 008 | 070214s1939 xxu r ||||1| eng d | ||
| 100 | 1 |
_aSmith, Chard Powers. _9106857 |
|
| 245 | 1 | 0 |
_aArtillerie of time / _cby Chard Powers Smith. |
| 260 |
_aNew York : _bCharles Scribner's Sons, _c1939. |
||
| 300 |
_a853 p. ; _c21 cm. |
||
| 852 |
_aES-MaACL _jC-25136 _bR.54063 |
||
| 999 |
_c144911 _d144911 |
||